Statistics for Countries by Military Power by Continent

Click here to take the quiz!

General Stats

  • This quiz has been taken 95 times
  • The average score is 25 of 27

Answer Stats

ContinentRankingPwrIndxCountry% Correct
Asia1.0.0929Russia
100%
2.0.0945China
99%
Europe1.0.1914France
99%
3.0.2609Germany
99%
2.0.4381Canada
98%
3.0.1593India
98%
4.0.2694Italy
98%
3.0.6601Mexico
98%
2.0.2131United Kingdom
98%
North America1.0.0857United States
98%
2.0.6847Argentina
96%
Oceania1.0.4072Australia
95%
4.1.3209Cuba
95%
South America1.0.3654Brazil
94%
Africa1.0.2676Egypt
94%
4.0.2137Japan
94%
5.0.7641Venezuela
94%
4.0.7281Colombia
93%
4.0.7511Nigeria
93%
3.0.7163Peru
93%
5.0.7864South Africa
93%
2.2.0991New Zealand
92%
2.0.4366Algeria
91%
5.0.3831Poland
91%
5.0.2491Turkey
85%
3.0.7443Ethiopia
76%
5.2.0312Guatemala
73%

Score Distribution

Percentile by Number Answered

Percent of People with Each Score

Your Score History

You have not taken this quiz